Advanced dBase III plus / (Record no. 541826)
[ view plain ]
| 000 -LEADER | |
|---|---|
| fixed length control field | 00664cam a2200205 a 4500 |
| 020 ## - INTERNATIONAL STANDARD BOOK NUMBER | |
| International Standard Book Number | 0673187772 (pbk.) : |
| 082 00 - DEWEY DECIMAL CLASSIFICATION NUMBER | |
| Classification number | 005.7565 |
| Author Mark | KNE |
| -- | MCEL02,P-154 |
| 100 1# - MAIN ENTRY--PERSONAL NAME | |
| Personal name | Knecht, Ken, |
| 9 (RLIN) | 36878 |
| 245 10 - TITLE STATEMENT | |
| Title | Advanced dBase III plus / |
| Statement of responsibility, etc. | Ken Knecht. |
| 260 ## - PUBLICATION, DISTRIBUTION, ETC. | |
| Place of publication, distribution, etc. | Glenview, Ill. : |
| Name of publisher, distributor, etc. | Scott, Foresman, |
| Date of publication, distribution, etc. | c1990. |
| 300 ## - PHYSICAL DESCRIPTION | |
| Extent | v, 440 p. ; |
| Dimensions | 24 cm. |
| 500 ## - GENERAL NOTE | |
| General note | "Scott, Foresman and Company computer books"--Cover. |
| 500 ## - GENERAL NOTE | |
| General note | Includes index. |
| 526 ## - STUDY PROGRAM INFORMATION NOTE | |
| Program name | 0 |
| Interest level | 0 |
| Reading level | 0 |
| Title point value | 005_756500000000000_KNE |
| 526 ## - STUDY PROGRAM INFORMATION NOTE | |
| Program name | 0 |
| Interest level | 0 |
| Reading level | 0 |
| Title point value | 005_756500000000000_KNE |
| 526 ## - STUDY PROGRAM INFORMATION NOTE | |
| Program name | 0 |
| Interest level | 0 |
| Reading level | 0 |
| Title point value | 005_756500000000000_KNE |
| 650 #0 - SUBJECT ADDED ENTRY--TOPICAL TERM | |
| Topical term or geographic name entry element | Database management. |
| 9 (RLIN) | 18068 |
| 650 #0 - SUBJECT ADDED ENTRY--TOPICAL TERM | |
| Topical term or geographic name entry element | MCE |
| 9 (RLIN) | 379 |
| 942 ## - ADDED ENTRY ELEMENTS (KOHA) | |
| Source of classification or shelving scheme | |
| Koha item type | Book |
| Withdrawn status | Lost status | Source of classification or shelving scheme | Damaged status | Not for loan | Permanent Location | Current Location | Date acquired | Total Checkouts | Full call number | Barcode | Date last seen | Price effective from | Koha item type |
|---|---|---|---|---|---|---|---|---|---|---|---|---|---|
| Military College of Engineering (MCE) | Military College of Engineering (MCE) | 09/04/2013 | 005.7565 KNE | MCE-25631 | 09/04/2013 | 09/04/2013 | Book | ||||||
| Military College of Engineering (MCE) | Military College of Engineering (MCE) | 09/04/2013 | 005.7565 KNE | MCE-25632 | 09/04/2013 | 09/04/2013 | Book | ||||||
| Military College of Engineering (MCE) | Military College of Engineering (MCE) | 09/04/2013 | 005.7565 KNE | MCE-25633 | 09/04/2013 | 09/04/2013 | Book |
